| 000 | 01623nam a2200385 c 4500 | ||
|---|---|---|---|
| 003 | BLK | ||
| 005 | 20230407030343.0 | ||
| 008 | 180412b bul|||||r ||||||| ||bul|| | ||
| 010 | _aKNG00004076000 | ||
| 020 |
_a954-8176-08-4 _bиздат.: Ваньо Н. Недков |
||
| 040 | _aBLK | ||
| 041 |
_aBUL _cBUL |
||
| 080 |
_aБългарска литература _b821.163.2 _x(075.4) _z821.163.2(075.4) |
||
| 700 | 1 |
_aКирова, Милена _eпредг. от _9246678 |
|
| 139 |
_aИзбрани статии от списание Родна реч _bИ 35 |
||
| 245 | 1 | 0 |
_aИзбрани статии от списание Родна реч _bВ помощ на кандидат-студентите _cпредг. от Милена Кирова. |
| 257 | _aBGR | ||
| 260 |
_аСофия _bВаньо Н. Недков _c1994 |
||
| 300 |
_a272 с. _c21 см |
||
| 380 | _a82 | ||
| 500 | _aОфс. изд. - 10 000 тир. | ||
| 650 | 4 |
_aБългарска литература - учебни помагала _9242720 |
|
| 650 | 4 |
_aПисатели, български - учебни помагала _9243084 |
|
| 650 | 4 |
_aПоети, български - учебни помагала _9243328 |
|
| 653 | _aбългарска литература | ||
| 653 | _aбългарски писатели | ||
| 653 | _aбългарски поети | ||
| 653 | _aкандидатстудентски изпити | ||
| 653 | _aучебни помагала | ||
| 852 | _aЦб 181426 | ||
| 856 | 4 |
_qpdf _u |
|
| 856 | 4 |
_qpdf _u |
|
| 942 |
_cKNG _n0 |
||
| 944 |
_aCR _c15.01.2003 _lф / _kЛюдмила_Стоянова |
||
| 944 |
_aED _c22.11.2012 _lф / _k |
||
| 999 |
_c3035 _d3035 |
||